| 000 | 00663 a2200193 4500 | ||
|---|---|---|---|
| 999 |
_c4479 _d4479 |
||
| 010 | _aENG-86376 | ||
| 020 |
_a9780195683790 _c395.00 |
||
| 035 | _aEN-69909 | ||
| 037 | _bDBAD / PUB | ||
| 082 | 1 | 4 | _a330.954 |
| 100 | _aFrankel, Francine R | ||
| 245 | 1 |
_aIndia's political economy 1947-2004 : _cby Francine R. Frankel _bthe gradual revolution / |
|
| 250 | _a2nd ed. | ||
| 260 |
_aNew Delhi _bOxford University Press _c2006 |
||
| 270 |
_aYMCA Library Building, Jai Singh Road _bNew Delhi _cNew Delhi _e110 001 |
||
| 300 |
_axx, 819p. _c24cm (pbk) |
||
| 500 | _aIncludes bibliographical references and index | ||
| 942 |
_adpl _cEN _2ddc _h330.954 _mFRA |
||